Damasus et Laurentius hispanis asserti et vindicati. Dissertatio historica / auctore Francisco Perezio Bayerio presbytero valentino, in patriae primum, deinde in Salmanticensi Academia Perp. Sacc. lingg. professore, et doctore, sanctaeque barcinonnensis ecclesiae canonico etc.

Detalles Bibliográficos
Autor principal: Pérez Bayer, Francisco, 1711-1794
Otros Autores: Falconi, Giovanni Antonio, 1690-1770, grab, Ponz, Antonio, 1725-1772, grab
Formato: Libro
Lenguaje:Latin
Publicado: Romae : ex typographia Iosephi et Philippi de Rubeis apud Pantheon, 1756.
Materias:
Colección:Banco de datos
Acervo:Universidad Autónoma Benito Juárez de Oaxaca. Biblioteca Francisco de Burgoa. Colección antigua
Descripción Física:[8] h., 176 p., [2] h. pleg. : il. ; f°
Tema general:Historia civil
Apologética
Notas:Portada tipográfica a dos tintas con pleca y grabado central calcográfico. Texto a renglón seguido con paginación en números arábigos, notas a pie de página, reclamos y signaturas. Incluye cabecera de título con motivos florales en grabado xilográfico. Incluye capitular historiada en grabado xilográfico. Encuadernación en pergamino sobre cartón. Marca de fuego: Casa del Noviciado de la Compañía de Jesús de Oaxaca, Oax. Daños por polilla. Daños por mutilación, falta grabado central de la portada
LEADER 01641nam a22002170004500
035 |a 893 
041 0 |a lat 
100 1 |a Pérez Bayer, Francisco, 1711-1794 
245 1 0 |a Damasus et Laurentius hispanis asserti et vindicati. Dissertatio historica / auctore Francisco Perezio Bayerio presbytero valentino, in patriae primum, deinde in Salmanticensi Academia Perp. Sacc. lingg. professore, et doctore, sanctaeque barcinonnensis ecclesiae canonico etc. 
260 |a Romae : ex typographia Iosephi et Philippi de Rubeis apud Pantheon, 1756. 
300 |a [8] h., 176 p., [2] h. pleg. : il. ; f°  
500 |a Portada tipográfica a dos tintas con pleca y grabado central calcográfico. Texto a renglón seguido con paginación en números arábigos, notas a pie de página, reclamos y signaturas. Incluye cabecera de título con motivos florales en grabado xilográfico. Incluye capitular historiada en grabado xilográfico. Encuadernación en pergamino sobre cartón. Marca de fuego: Casa del Noviciado de la Compañía de Jesús de Oaxaca, Oax. Daños por polilla. Daños por mutilación, falta grabado central de la portada 
504 |a Al final de la obra están el índice de capítulos y la fe de erratas 
650 1 0 |a Historia civil 
650 1 0 |a Apologética 
700 1 |a Falconi, Giovanni Antonio, 1690-1770, grab. 
700 1 |a Ponz, Antonio, 1725-1772, grab. 
852 |a Universidad Autónoma "Benito Juárez" de Oaxaca, Biblioteca Francisco de Burgoa, Colección antigua 2125 
942 |c BURANT 
943 |g Universidad Autónoma Benito Juárez de Oaxaca. Biblioteca Francisco de Burgoa. Colección antigua 
999 |c 1111904  |d 1111904